<?xml version="1.0" encoding="UTF-8"?>
<record
    xmlns:xsi="http://www.w3.org/2001/XMLSchema-instance"
    xsi:schemaLocation="http://www.loc.gov/MARC21/slim http://www.loc.gov/standards/marcxml/schema/MARC21slim.xsd"
    xmlns="http://www.loc.gov/MARC21/slim">

  <leader>01944nam0a2200337   4500</leader>
  <controlfield tag="001">RU\NLR\bibl\46227</controlfield>
  <controlfield tag="005">20260407044022.0</controlfield>
  <datafield tag="021" ind1=" " ind2=" ">
    <subfield code="a">RU</subfield>
    <subfield code="b">98-42610</subfield>
    <subfield code="9">2046</subfield>
  </datafield>
  <datafield tag="035" ind1=" " ind2=" ">
    <subfield code="a">(NLR Aleph) 000045082</subfield>
  </datafield>
  <datafield tag="090" ind1=" " ind2=" ">
    <subfield code="a">238359</subfield>
    <subfield code="c">238359</subfield>
  </datafield>
  <datafield tag="100" ind1=" " ind2=" ">
    <subfield code="a">19990907d1998    |||y0rusy50      ca</subfield>
  </datafield>
  <datafield tag="101" ind1="1" ind2=" ">
    <subfield code="a">rus</subfield>
    <subfield code="c">eng</subfield>
  </datafield>
  <datafield tag="102" ind1=" " ind2=" ">
    <subfield code="a">RU</subfield>
  </datafield>
  <datafield tag="105" ind1=" " ind2=" ">
    <subfield code="a">y   |||||||||</subfield>
  </datafield>
  <datafield tag="200" ind1="1" ind2=" ">
    <subfield code="a">&#x41D;&#x430;&#x447;&#x438;&#x43D;&#x430;&#x439;&#x442;&#x435; &#x434;&#x435;&#x439;&#x441;&#x442;&#x432;&#x43E;&#x432;&#x430;&#x442;&#x44C;, &#x447;&#x442;&#x43E;&#x431;&#x44B; &#x43E;&#x441;&#x442;&#x430;&#x43D;&#x43E;&#x432;&#x438;&#x442;&#x44C; &#x434;&#x438;&#x43E;&#x43A;&#x441;&#x438;&#x43D;&#x43E;&#x432;&#x43E;&#x435; &#x437;&#x430;&#x433;&#x440;&#x44F;&#x437;&#x43D;&#x435;&#x43D;&#x438;&#x435;</subfield>
    <subfield code="e">&#x421;&#x442;&#x440;&#x430;&#x442;&#x435;&#x433;&#x438;&#x44F;, &#x440;&#x435;&#x43A;&#x43E;&#x43C;&#x435;&#x43D;&#x434;. III &#x433;&#x440;&#x430;&#x436;&#x434;. &#x43A;&#x43E;&#x43D;&#x444;. &#x43F;&#x43E; &#x434;&#x438;&#x43E;&#x43A;&#x441;&#x438;&#x43D;&#x430;&#x43C;</subfield>
    <subfield code="f">[&#x41D;&#x430;&#x443;&#x447;. &#x440;&#x435;&#x434;.-&#x434;.&#x445;.&#x43D;. &#x411;.&#x410;. &#x420;&#x443;&#x434;&#x435;&#x43D;&#x43A;&#x43E;</subfield>
    <subfield code="g">&#x41F;&#x435;&#x440;. &#x441; &#x430;&#x43D;&#x433;&#x43B;. - &#x43A;.&#x431;.&#x43D;. &#x415;.&#x42E;. &#x41C;&#x430;&#x440;&#x43A;&#x43E;&#x432;]</subfield>
  </datafield>
  <datafield tag="210" ind1=" " ind2=" ">
    <subfield code="a">&#x418;&#x440;&#x43A;&#x443;&#x442;&#x441;&#x43A;</subfield>
    <subfield code="c">&#x411;&#x430;&#x439;&#x43A;&#x430;&#x43B;. &#x42D;&#x43A;&#x43E;&#x43B;. &#x412;&#x43E;&#x43B;&#x43D;&#x430;</subfield>
    <subfield code="d">1998</subfield>
  </datafield>
  <datafield tag="215" ind1=" " ind2=" ">
    <subfield code="a">184 &#x441;.</subfield>
    <subfield code="d">20</subfield>
  </datafield>
  <datafield tag="300" ind1=" " ind2=" ">
    <subfield code="a">&#x417;&#x430;&#x433;&#x43B;. &#x43E;&#x440;&#x438;&#x433;.: Taking action to stop dioxin exposure: Strategy recommendations from the 3rd Citizens' conf. on dioxin a. other synthetic hormone disruptors</subfield>
  </datafield>
  <datafield tag="320" ind1=" " ind2=" ">
    <subfield code="a">&#x411;&#x438;&#x431;&#x43B;&#x438;&#x43E;&#x433;&#x440;.: &#x441;.10, 168-169</subfield>
  </datafield>
  <datafield tag="454" ind1=" " ind2="0">
    <subfield code="1">2001#$aTaking action to stop dioxin exposure$eStrategy recommendations from the 3rd Citizens' conf. on dioxin a. other synthetic hormone disruptors</subfield>
    <subfield code="t">Taking action to stop dioxin exposure</subfield>
  </datafield>
  <datafield tag="606" ind1="0" ind2=" ">
    <subfield code="a">&#x41E;&#x43A;&#x440;&#x443;&#x436;&#x430;&#x44E;&#x449;&#x430;&#x44F; &#x441;&#x440;&#x435;&#x434;&#x430;</subfield>
    <subfield code="x">&#x417;&#x430;&#x433;&#x440;&#x44F;&#x437;&#x43D;&#x435;&#x43D;&#x438;&#x435; &#x434;&#x438;&#x43E;&#x43A;&#x441;&#x438;&#x43D;&#x430;&#x43C;&#x438;</subfield>
    <subfield code="x">&#x421;&#x430;&#x43D;&#x438;&#x442;&#x430;&#x440;&#x43D;&#x43E;-&#x43F;&#x440;&#x43E;&#x441;&#x432;&#x435;&#x442;&#x438;&#x442;&#x435;&#x43B;&#x44C;&#x43D;&#x430;&#x44F; &#x440;&#x430;&#x431;&#x43E;&#x442;&#x430;</subfield>
    <subfield code="9">2109846</subfield>
    <subfield code="3">RU\NLR\auth\661275192</subfield>
  </datafield>
  <datafield tag="686" ind1=" " ind2=" ">
    <subfield code="a">&#x420;121.102.6</subfield>
  </datafield>
  <datafield tag="686" ind1=" " ind2=" ">
    <subfield code="a">&#x420;11(2)592.1</subfield>
  </datafield>
  <datafield tag="702" ind1=" " ind2="1">
    <subfield code="4">340</subfield>
    <subfield code="8">rus</subfield>
    <subfield code="7">ca</subfield>
    <subfield code="a">&#x420;&#x443;&#x434;&#x435;&#x43D;&#x43A;&#x43E;</subfield>
    <subfield code="b">&#x411;. &#x410;.</subfield>
    <subfield code="c">&#x434;-&#x440; &#x445;&#x438;&#x43C;. &#x43D;&#x430;&#x443;&#x43A;</subfield>
    <subfield code="f">1932-</subfield>
    <subfield code="g">&#x411;&#x43E;&#x440;&#x438;&#x441; &#x410;&#x43D;&#x442;&#x43E;&#x43D;&#x43E;&#x432;&#x438;&#x447;</subfield>
    <subfield code="3">RU\NLR\auth\7737390</subfield>
    <subfield code="9">20379</subfield>
  </datafield>
  <datafield tag="711" ind1="1" ind2="2">
    <subfield code="4">070</subfield>
    <subfield code="a">"&#x412;&#x440;&#x435;&#x43C;&#x44F; &#x434;&#x435;&#x439;&#x441;&#x442;&#x432;&#x43E;&#x432;&#x430;&#x442;&#x44C;", &#x433;&#x440;&#x430;&#x436;&#x434;&#x430;&#x43D;&#x441;&#x43A;&#x430;&#x44F; &#x43A;&#x43E;&#x43D;&#x444;&#x435;&#x440;&#x435;&#x43D;&#x446;&#x438;&#x44F; &#x43F;&#x43E; &#x434;&#x438;&#x43E;&#x43A;&#x441;&#x438;&#x43D;&#x430;&#x43C;</subfield>
    <subfield code="d">3</subfield>
    <subfield code="f">1996</subfield>
    <subfield code="e">&#x411;&#x430;&#x442;&#x43E;&#x43D; &#x420;&#x443;&#x436;, &#x421;&#x428;&#x410;</subfield>
    <subfield code="3">RU\NLR\AUTH\8810016553</subfield>
    <subfield code="9">530967</subfield>
  </datafield>
  <datafield tag="801" ind1=" " ind2="0">
    <subfield code="a">RU</subfield>
    <subfield code="b">NLR</subfield>
    <subfield code="c">19990907</subfield>
    <subfield code="g">PSBO</subfield>
  </datafield>
  <datafield tag="801" ind1=" " ind2="1">
    <subfield code="a">RU</subfield>
    <subfield code="b">NLR</subfield>
    <subfield code="c">19990907</subfield>
  </datafield>
  <datafield tag="852" ind1=" " ind2=" ">
    <subfield code="a">NLR</subfield>
    <subfield code="j">99-3/10135</subfield>
  </datafield>
  <datafield tag="942" ind1=" " ind2=" ">
    <subfield code="c">BOOK</subfield>
  </datafield>
  <datafield tag="980" ind1=" " ind2=" ">
    <subfield code="a">NB</subfield>
  </datafield>
  <datafield tag="995" ind1=" " ind2=" ">
    <subfield code="5">2013-10-26</subfield>
    <subfield code="b">NLR01</subfield>
    <subfield code="c">NLR01</subfield>
    <subfield code="e">RF8</subfield>
    <subfield code="f">1-561937</subfield>
    <subfield code="k">99-3/10135</subfield>
    <subfield code="o">0</subfield>
    <subfield code="r">BOOK</subfield>
    <subfield code="s">99310135_</subfield>
  </datafield>
</record>
